Thuỷ động lực học
Kaydedildi:
| Yazar: | |
|---|---|
| Materyal Türü: | Kitap |
| Dil: | Undetermined |
| Baskı/Yayın Bilgisi: |
H.
KHKT
2001
|
| Konular: | |
| Etiketler: |
Etiketle
Etiket eklenmemiş, İlk siz ekleyin!
|
| Thư viện lưu trữ: | Trung tâm Học liệu Trường Đại học Cần Thơ |
|---|
| LEADER | 00500nam a2200181Ia 4500 | ||
|---|---|---|---|
| 001 | CTU_47606 | ||
| 008 | 210402s9999 xx 000 0 und d | ||
| 082 | |a 532.5 | ||
| 082 | |b L253 | ||
| 100 | |a L. D. Landau | ||
| 245 | 0 | |a Thuỷ động lực học | |
| 245 | 0 | |c L. D. Landau và E. M. Lifsick; Đặng Quang Khang biên dịch | |
| 260 | |a H. | ||
| 260 | |b KHKT | ||
| 260 | |c 2001 | ||
| 650 | |a hydrodynamics | ||
| 904 | |i Minh | ||
| 980 | |a Trung tâm Học liệu Trường Đại học Cần Thơ | ||